| 000 | 00797nam a2200205 i 4500 | ||
|---|---|---|---|
| 001 | 155517 | ||
| 003 | ES-MaACL | ||
| 005 | 20250806070429.0 | ||
| 008 | 020923s1878 sp |||| | spa d | ||
| 040 |
_aCCPB | B _bspa _cCCPB | B |
||
| 100 | 1 |
_aHogg, Walter Douglas. _963979 |
|
| 245 | 1 | 0 |
_aDel uso terapeútico del ácido salicílico y sus compuestos y accesoriamente de la salicina / _cpor Walter Douglas Hogg. |
| 260 |
_aMadrid : _b[s.n.], _c1878 ( _fimprenta de Enrique Teodoro) |
||
| 300 |
_aVI, 63, [3] p. ; _c23 cm. |
||
| 490 | 1 | _aBiblioteca Económica de Medicina y Cirujía | |
| 650 | 4 |
_aAcido salicílico. _9135492 |
|
| 830 | 0 |
_aBiblioteca económica de medicina y cirujía _9186248 |
|
| 852 |
_aES-MaACL _jB-12698(3) _z-- Enc. pasta española |
||
| 999 |
_c155517 _d155517 |
||